header

Textures of place (Record no. 192025)

MARC details
000 -LEADER
fixed length control field 01233nam a22003134a 4500
082 04 - DEWEY DECIMAL CLASSIFICATION NUMBER
Classification number 304.2
245 00 - TITLE STATEMENT
Title Textures of place
260 ## - PUBLICATION, DISTRIBUTION, ETC. (IMPRINT)
Place of publication Minneapolis :
Name of publisher University of Minnesota Press,
Year of publication c2001.
300 ## - PHYSICAL DESCRIPTION
Number of Pages xxxiii, 461 p. :
Other physical details ill.
650 #0 - SUBJECT ADDED ENTRY--TOPICAL TERM
Topical Term Human geography.
700 1# - ADDED ENTRY--PERSONAL NAME
Personal name Adams, Paul C.
Personal name Hoelscher, Steven D.
Personal name Till, Karen E.
856 40 - ELECTRONIC LOCATION AND ACCESS
Uniform Resource Identifier http://site.ebrary.com/lib/rucke/Doc?id=10151212

No items available.

© 2026 Rongo University
Contact us: librarian | system librarian | Rongo university